000 01184nam0a2200337 4500
001 RU\NLR\bibl\1762080
005 20250616124436.0
010 _a978-5-91045-309-2
_93000
021 _aRU
_b2011-25306
_91800
035 _a(nilc)RSL-KNO-004924959
035 _a(NLR Aleph) 001752887
090 _a1529930
_c1529930
100 _a20110411d2011 |||y0rusy50 ca
101 1 _arus
_cger
102 _aRU
105 _aa |||||||||
200 1 _aМистер Белка знает путь к счастью
_e[для дошкольного возраста]
_fСебастьян Мешенмозер
_g[пер. с нем. К. Зайковой]
210 _aМосква
_cИзд. дом Мещерякова
_d2011
215 _a[63] с.
_cцв. ил.
_d27
225 1 _aМалявки
686 _aШ9(2)70(4Г)
_2rubbk
686 _aШ9(4Г)60-4
700 1 _4070
_7ca
_8rus
_aМешенмозер
_bС.
_f1980-
_gСебастьян
_9215589
_3RU\NLR\AUTH\770215645
801 0 _aRU
_bRuMoRKP
_c20110411
_grcr
801 1 _aRU
_bРГБ
_c20110411
801 2 _aRU
_bNLR
_c20110421
_grcr
942 _cBOOK
980 _aNB
980 _aNBR